| 000 | 00645nam a2200205Ia 4500 | ||
|---|---|---|---|
| 003 | IN-BaIIA | ||
| 008 | 211028s9999 xx 000 0 eng d | ||
| 020 | _a0-13-261058-2 | ||
| 040 | _cIIA Library | ||
| 080 |
_a519.682 _bCAV |
||
| 100 |
_aCavallo, A _923135 |
||
| 245 | 0 |
_aUsing MATLAB, SIMULINK and Control System Toolbox _ba practical approach _cA. Cavallo, R. Setola and F. Vasca |
|
| 260 |
_aLondon _bPrentice-Hall _c1996 |
||
| 300 | _ax, 405p | ||
| 650 | _acomputer programming | ||
| 650 |
_aMATLAB _920890 |
||
| 700 |
_aSetola, R. _923136 |
||
| 700 |
_aVasca, F. _923137 |
||
| 942 | _cBK | ||
| 999 |
_c13132 _d13132 |
||